| 000 | 00578nam a2200229Ia 4500 | ||
|---|---|---|---|
| 003 | OSt | ||
| 005 | 20220924142136.0 | ||
| 006 | a|||||r|||| 00| 0 | ||
| 007 | ta | ||
| 008 | 220923b |||||||| |||| 00| 0 ben d | ||
| 024 | _a300533 | ||
| 037 | _cTextual | ||
| 040 |
_aARTS _cARTS _bben |
||
| 041 |
_2ben _aben |
||
| 082 | _aV4475B:2501.N7, 157L12 | ||
| 100 |
_aSafa Ahmed _9212947 |
||
| 245 | 0 | _aJaglara Bangladesh | |
| 260 | _c1972 | ||
| 650 | _aHISTORY | ||
| 942 |
_hV4475B:2501.N7, 157L12 _cTEXL _2CC |
||
| 999 |
_c449421 _d449421 |
||